000 00481 a2200157 4500
001 149579
040 _cEscola São Tomás de Aquino
100 _aREYES, Yolanda
240 1 0 _aO terror do 6°B e outras histórias
_lpor
245 1 0 _aO terror do 6°B e outras histórias
300 _a71
362 0 _a2014
440 1 _aFTD
697 _aHistórias de bruxas, centauros, fadas, duendes, deuses, sereias, ogres, vampiros, feiticeiros, mágicos
942 _cBK
999 _c149579
_d149579